Video Casebook. (Record no. 4761)

MARC details
000 -LEADER
fixed length control field 00485nam a22001937a 4500
003 - CONTROL NUMBER IDENTIFIER
control field OSt
005 - DATE AND TIME OF LATEST TRANSACTION
control field 20160715162325.0
008 - FIXED-LENGTH DATA ELEMENTS--GENERAL INFORMATION
fixed length control field 160713b xxu||||| |||| 00| 0 eng d
020 ## - INTERNATIONAL STANDARD BOOK NUMBER
International Standard Book Number 0632053628
040 ## - CATALOGING SOURCE
Transcribing agency DNLM.
082 ## - DEWEY DECIMAL CLASSIFICATION NUMBER
Classification number WB18L576u 1999.
100 ## - MAIN ENTRY--PERSONAL NAME
Personal name Levy,Andrew;
9 (RLIN) 10162
245 ## - TITLE STATEMENT
Title Video Casebook.
Remainder of title Medicine;
260 ## - PUBLICATION, DISTRIBUTION, ETC. (IMPRINT)
Place of publication, distribution, etc. uk
Name of publisher, distributor, etc. Blackwell Science.
Date of publication, distribution, etc. 1999.
300 ## - PHYSICAL DESCRIPTION
Extent ix,158p;
Other physical details ill;
Dimensions 25cm.
504 ## - BIBLIOGRAPHY, ETC. NOTE
Bibliography, etc includes index.
650 ## - SUBJECT ADDED ENTRY--TOPICAL TERM
Topical term or geographic name as entry element Medicine.
9 (RLIN) 324
942 ## - ADDED ENTRY ELEMENTS (KOHA)
Source of classification or shelving scheme Other/Generic Classification Scheme
Koha item type Open Shelf
Holdings
Withdrawn status Lost status Source of classification or shelving scheme Damaged status Not for loan Home library Current library Date acquired Source of acquisition Inventory number Total Checkouts Full call number Barcode Date last seen Price effective from Koha item type
    Other/Generic Classification Scheme     MUST Main Library MUST Main Library 15/07/2016   o4/21971   WB18L576u 1999. 2016-3202 15/07/2016 15/07/2016 Open Shelf
    Other/Generic Classification Scheme     MUST Main Library MUST Main Library 15/07/2016   04/21988   WB18L576u 1999. 2016-3203 15/07/2016 15/07/2016 Open Shelf
    Other/Generic Classification Scheme     MUST Main Library MUST Main Library 15/07/2016   04/21989   WB18L576u 1999. 2016-3216 15/07/2016 15/07/2016 Open Shelf